[Event "4NCL/Div3/SLOS2 vs. KHE"]
[Site "Birmingham ENG"]
[Date "2005.10.23"]
[Round "2.1"]
[White "Williams, Samuel G"]
[Black "McMichael, Richard"]
[Result "1-0"]
[WhiteElo "2227"]
[BlackElo "2272"]
[PlyCount "93"]
[EventDate "2005.10.23"]
[EventType "team"]
[EventRounds "11"]
[EventCountry "ENG"]
[SourceDate "2005.10.25"]

1. d4 Nf6 2. Bg5 e6 3. c4 d5 4. cxd5 exd5 5. Nc3 Be7 6. e3 O-O 7. Bd3 Nbd7 8.
Nge2 c6 9. Qc2 Re8 10. O-O Ne4 11. Bf4 Nef6 12. Nb5 Rf8 13. Bc7 Qe8 14. Nd6
Bxd6 15. Bxd6 Qe6 16. Bxf8 Nxf8 17. b4 Bd7 18. Rab1 Qg4 19. Ng3 g6 20. f3 Qh4
21. Qf2 a6 22. Ne4 Qxf2+ 23. Nxf2 Ne6 24. a4 Nc7 25. Bc2 Nfe8 26. Nd3 Nd6 27.
Nc5 Bc8 28. Bd3 b6 29. Nb3 Nc4 30. Rfc1 Be6 31. g4 Rf8 32. Rc3 f5 33. gxf5 Bxf5
34. e4 Be6 35. Bxc4 dxc4 36. Nc1 g5 37. Ne2 Bf7 38. Kf2 Bg6 39. Ke3 Nd5+ 40.
exd5 Bxb1 41. dxc6 b5 42. axb5 axb5 43. d5 Re8+ 44. Kf2 Re5 45. Nd4 Kf8 46. c7
Re8 47. d6 1-0

[Event "4NCL/Div3/SLOS2 vs. KHE"]
[Site "Birmingham ENG"]
[Date "2005.10.23"]
[Round "2.2"]
[White "Thomas, Richard H"]
[Black "Taylor, Robert M"]
[Result "1/2-1/2"]
[WhiteElo "2219"]
[BlackElo "2203"]
[Annotator "Parker,Robert"]
[PlyCount "144"]
[EventDate "2005.10.23"]
[EventType "team"]
[EventRounds "11"]
[EventCountry "ENG"]
[SourceDate "2005.10.25"]

1. d4 Nf6 2. c4 g6 3. Nc3 Bg7 4. e4 d6 5. f3 O-O 6. Bg5 c5 7. d5 e6 8. Qd2 exd5
9. Nxd5 Be6 10. Ne2 Bxd5 11. cxd5 b5 12. Nc3 b4 13. Nd1 Nbd7 14. Be2 Re8 15.
O-O Rc8 16. Rc1 Qa5 17. b3 Qb6 18. Kh1 a5 19. Nb2 Ne5 20. Qc2 h6 21. Bh4 g5 22.
Bf2 Qb7 23. Rfe1 Qd7 24. Bf1 Nh5 25. Na4 Rcd8 26. Be3 Kh8 27. Bc4 Nf4 28. Qd2
Nfg6 29. Qe2 Nxc4 30. Qxc4 Be5 31. Qc2 Bf4 32. Nb6 Qe7 33. Nc4 Ne5 34. Bxf4
gxf4 35. Nxa5 Qg5 36. Nc4 Rg8 37. Nxe5 Qxe5 38. Re2 Qg5 39. Rg1 Qh4 40. Ra1 Rg5
41. Qb2+ Kh7 42. Qf6 Rdg8 43. Qxf7+ R8g7 44. Qf6 R7g6 45. Qd8 Rg7 46. Rf1 Rh5
47. Qxh4 Rxh4 48. a3 bxa3 49. Ra2 Kg6 50. Rxa3 Kf6 51. Ra8 Ke5 52. Re8+ Kd4 53.
Rd1+ Ke3 54. Re6 Rg5 55. Kg1 Rh3 56. Rf1 Ke2 57. Rxd6 Rxh2 58. Kxh2 Kxf1 59.
Kh3 Rxg2 60. Rxh6 Kf2 61. Rf6 Rg3+ 62. Kh4 Kxf3 63. Re6 Kg2 64. d6 f3 65. d7 f2
{=} 66. d8=Q Rh3+ 67. Kg5 f1=Q 68. Qd2+ Kg1 69. Rg6 Rg3+ 70. Kh6 Qf8+ 71. Kh5
Qf3+ 72. Kh6 Qf8+ 1/2-1/2

[Event "4NCL/Div3/SLOS2 vs. KHE"]
[Site "Birmingham ENG"]
[Date "2005.10.23"]
[Round "2.3"]
[White "Rees, Ioan"]
[Black "Whiteley, Andrew"]
[Result "0-1"]
[WhiteElo "2237"]
[BlackElo "2228"]
[Annotator "Parker,Robert"]
[PlyCount "54"]
[EventDate "2005.10.23"]
[EventType "team"]
[EventRounds "11"]
[EventCountry "ENG"]
[SourceDate "2005.10.25"]

1. d4 d5 2. Nf3 Nf6 3. c4 c6 4. Nc3 e6 5. Bg5 h6 6. Bxf6 Qxf6 7. e3 g6 8. Bd3
Bg7 9. O-O O-O 10. b4 dxc4 11. Bxc4 Nd7 12. e4 b6 13. e5 Qe7 14. Rb1 Bb7 15.
Nd2 a5 16. a3 axb4 17. axb4 Ba6 18. Nce4 c5 19. f4 cxd4 20. b5 Bb7 21. Nd6 Nc5
22. Nf3 Ne4 23. Nxe4 {=} Bxe4 24. Bd3 Bb7 25. Be2 Rfd8 26. Qd3 Ra3 27. Rb3 Be4
0-1

[Event "4NCL/Div3/SLOS2 vs. KHE"]
[Site "Birmingham ENG"]
[Date "2005.10.23"]
[Round "2.4"]
[White "Ruecker, Benjamin"]
[Black "Kahar, Krunal"]
[Result "1/2-1/2"]
[WhiteElo "2229"]
[BlackElo "2209"]
[PlyCount "62"]
[EventDate "2005.10.23"]
[EventType "team"]
[EventRounds "11"]
[EventCountry "ENG"]
[SourceDate "2005.10.25"]

1. d4 d5 2. c4 c6 3. Nf3 Nf6 4. e3 e6 5. Nbd2 Be7 6. b3 O-O 7. Bd3 Nbd7 8. O-O
b6 9. Bb2 Bb7 10. Ne5 c5 11. cxd5 Nxe5 12. dxe5 Qxd5 13. Nf3 Ne4 14. Bc4 Qxd1
15. Rfxd1 Rfd8 16. Kf1 a6 17. Ke2 b5 18. Bd3 Rac8 19. Ne1 c4 20. Bxe4 Bxe4 21.
bxc4 Rxc4 22. f3 Bc6 23. Rxd8+ Bxd8 24. Kd3 Kf8 25. Nc2 Ke8 26. Nd4 Bb7 27. g4
Bb6 28. f4 Bxd4 29. Bxd4 Kd7 30. a3 Bf3 31. h3 h5 1/2-1/2

[Event "4NCL/Div3/SLOS2 vs. KHE"]
[Site "Birmingham ENG"]
[Date "2005.10.23"]
[Round "2.5"]
[White "Nelson, Omowale"]
[Black "Kwiatkowski, Feliks J"]
[Result "1/2-1/2"]
[WhiteElo "2089"]
[BlackElo "2223"]
[PlyCount "108"]
[EventDate "2005.10.23"]
[EventType "team"]
[EventRounds "11"]
[EventCountry "ENG"]
[SourceDate "2005.10.25"]

1. d4 Nf6 2. c4 g6 3. Nc3 Bg7 4. e4 d6 5. Be2 O-O 6. Nf3 e5 7. O-O Nc6 8. d5
Ne7 9. Ne1 Nd7 10. Be3 f5 11. f3 f4 12. Bf2 g5 13. a4 a5 14. Nd3 b6 15. Nb5 Nf6
16. Be1 h5 17. b4 Ng6 18. c5 g4 19. cxd6 cxd6 20. Rc1 Rf7 21. Rc6 Bf8 22. Bf2
Rb8 23. Nb2 g3 24. hxg3 fxg3 25. Bxg3 Rg7 26. Bh2 axb4 27. Nd3 Ba6 28. Qd2 Bxb5
29. axb5 h4 30. Qh6 Qe8 31. Nxb4 Nf4 32. Qxf6 Nxe2+ 33. Kf2 Nd4 34. Na6 Be7 35.
Qh6 Rg6 36. Qd2 Rd8 37. Nc7 Qf7 38. Ne6 Nxe6 39. dxe6 Qxe6 40. Qd5 Qxd5 41.
exd5 Ra8 42. Bxe5 Ra2+ 43. Ke3 Kf7 44. f4 Rg3+ 45. Rf3 Rxf3+ 46. Kxf3 dxe5 47.
fxe5 Bd8 48. Rd6 Ke7 49. Rh6 Rd2 50. Ke4 Re2+ 51. Kf5 Rf2+ 52. Ke4 Re2+ 53. Kf5
Rf2+ 54. Ke4 Re2+ 1/2-1/2

[Event "4NCL/Div3/SLOS2 vs. KHE"]
[Site "Birmingham ENG"]
[Date "2005.10.23"]
[Round "2.6"]
[White "Okike, David C"]
[Black "Roberson, Peter T"]
[Result "1/2-1/2"]
[WhiteElo "2158"]
[BlackElo "2135"]
[PlyCount "106"]
[EventDate "2005.10.23"]
[EventType "team"]
[EventRounds "11"]
[EventCountry "ENG"]
[SourceDate "2005.10.25"]

1. e4 c6 2. d4 d5 3. Nc3 dxe4 4. Nxe4 Bf5 5. Ng3 Bg6 6. Nf3 Nd7 7. h4 h6 8. Bd3
Bxd3 9. Qxd3 Qc7 10. Bd2 Ngf6 11. O-O-O e6 12. Ne4 O-O-O 13. g3 Nxe4 14. Qxe4
Bd6 15. Kb1 Kb8 16. Rhe1 c5 17. Bc1 Nf6 18. Qe2 cxd4 19. Nxd4 a6 20. Nb3 Ka8
21. Bd2 Rc8 22. Ba5 Qe7 23. Bb6 Rc6 24. Bd4 Bc7 25. Rd3 Re8 26. Bc3 Bb6 27. Be5
Rd8 28. Rf3 Ne8 29. Bc3 f6 30. Rf4 e5 31. Rb4 Nc7 32. Re4 Nd5 33. Bd2 Bc7 34.
Rc4 Qd7 35. Rxc6 Qxc6 36. c4 Ne7 37. Qg4 g5 38. hxg5 hxg5 39. Bb4 Bd6 40. Rd1
Nc8 41. Na5 Qc7 42. c5 Be7 43. Rxd8 Qxd8 44. Kc2 Qc7 45. Qc4 Qd7 46. c6 bxc6
47. Qxa6+ Na7 48. Bd2 Bc5 49. f3 Qh7+ 50. Kc1 Qh1+ 51. Kc2 Qh7+ 52. Kc3 Qd7 53.
Kc2 Qh7+ 1/2-1/2

[Event "4NCL/Div3/SLOS2 vs. KHE"]
[Site "Birmingham ENG"]
[Date "2005.10.23"]
[Round "2.8"]
[White "Hale, Katie L W"]
[Black "Barraclough, Stephanie"]
[Result "0-1"]
[WhiteElo "1805"]
[BlackElo "1883"]
[PlyCount "110"]
[EventDate "2005.10.23"]
[EventType "team"]
[EventRounds "11"]
[EventCountry "ENG"]
[SourceDate "2005.10.25"]

1. e4 d6 2. d4 Nf6 3. Nc3 c6 4. Bg5 Qa5 5. Bh4 Nxe4 6. Nge2 Bf5 7. f3 Nf6 8.
Qd2 h6 9. O-O-O Nbd7 10. Bf2 e6 11. Ng3 Bg6 12. Bd3 Bxd3 13. Qxd3 d5 14. Rhe1
Be7 15. Nge2 b5 16. a3 b4 17. Nb1 Rc8 18. Be3 c5 19. dxc5 Bxc5 20. Bxc5 Nxc5
21. Qe3 O-O 22. Nd4 Nfd7 23. g4 e5 24. Nb3 Nxb3+ 25. Qxb3 bxa3 26. Nxa3 d4 27.
Nc4 Qc7 28. Nd2 Nc5 29. Qc4 Qa5 30. Nb3 Qa2 31. Nd2 Qa1+ 32. Nb1 d3 33. Rd2 Rb8
34. Qc3 dxc2 35. Kxc2 Na4 36. Qxe5 Nxb2 37. Nc3 Qa3 38. Qd5 Rfc8 39. Re3 Nc4
40. Red3 Qb2+ 41. Kd1 Nxd2 42. Rxd2 Qxc3 43. Ke2 Qc4+ 44. Qxc4 Rxc4 45. Ra2 Rc3
46. Kf2 Ra8 47. h4 a5 48. Kg3 a4 49. Kf4 a3 50. g5 hxg5+ 51. hxg5 Rb3 52. Kg4
Rb2 53. Ra1 a2 54. Re1 a1=Q 55. Rxa1 Rxa1 0-1

[Event "4NCL/Div3/PPA1 vs. HKF2"]
[Site "Birmingham ENG"]
[Date "2005.10.23"]
[Round "2.1"]
[White "Swanson, Stephen"]
[Black "Britton, Richard L"]
[Result "1/2-1/2"]
[WhiteElo "2270"]
[BlackElo "2288"]
[Annotator "Parker,Robert"]
[PlyCount "52"]
[EventDate "2005.10.23"]
[EventType "team"]
[EventRounds "11"]
[EventCountry "ENG"]
[SourceDate "2005.10.25"]

1. e4 c5 2. Nf3 e6 3. d3 Nc6 4. g3 g6 5. Bg2 Bg7 6. O-O Nge7 7. Re1 d6 8. Nbd2
O-O 9. Nf1 b6 10. a3 h6 11. Rb1 Kh7 {=} 12. h4 Qc7 13. N1h2 e5 14. c4 Be6 15.
h5 Qd7 16. b4 Rae8 17. b5 Nd8 18. Nd2 g5 19. g4 Qc7 20. Ndf1 Bc8 21. Ne3 Ne6
22. Nhf1 Nf4 23. Ng3 Kg8 24. Bf1 Bd7 25. Qb3 Ra8 26. a4 a5 1/2-1/2

[Event "4NCL/Div3/PPA1 vs. HKF2"]
[Site "Birmingham ENG"]
[Date "2005.10.23"]
[Round "2.2"]
[White "Broomfield, Matthew"]
[Black "Dignam, Matthew"]
[Result "1-0"]
[WhiteElo "2288"]
[BlackElo "2172"]
[PlyCount "159"]
[EventDate "2005.10.23"]
[EventType "team"]
[EventRounds "11"]
[EventCountry "ENG"]
[SourceDate "2005.10.25"]

1. d4 Nf6 2. c4 g6 3. Nc3 Bg7 4. e4 d6 5. Nf3 O-O 6. Be2 e5 7. Be3 Ng4 8. Bg5
Qe8 9. h3 Nf6 10. dxe5 dxe5 11. O-O Na6 12. Qc2 c6 13. Rfd1 h6 14. Be3 Nh5 15.
c5 Nc7 16. Nd2 Nf4 17. Nc4 Qe7 18. Bf1 Nce6 19. Qc1 Nxc5 20. Nd6 Nce6 21. g3
Nh5 22. Nxc8 Raxc8 23. Bxh6 Rfd8 24. Be3 Nd4 25. Be2 Nf6 26. Bg5 Qb4 27. Bg4
Ra8 28. Kg2 Re8 29. a3 Qc4 30. Bxf6 Bxf6 31. Rb1 Rad8 32. h4 Bg7 33. h5 Rd6 34.
hxg6 Rxg6 35. Bf5 Bh6 36. b3 Qa6 37. Qb2 Nxf5 38. exf5 Rg4 39. Rh1 Bg7 40. Qd2
Qxa3 41. b4 Ra8 42. f6 Bxf6 43. Qd7 Rc4 44. Ne4 Rxe4 45. Qf5 Bg7 46. Qxe4 Qa2
47. Rhd1 Qe6 48. b5 f5 49. Qa4 f4 50. bxc6 bxc6 51. Rbc1 Rf8 52. Qxc6 f3+ 53.
Kh2 Qf5 54. Qc4+ Kh7 55. Qh4+ Kg6 56. Rd6+ Bf6 57. Rc7 Rf7 58. Rxf7 Kxf7 59.
Qh3 Qxh3+ 60. Kxh3 e4 61. Kg4 Be5 62. Ra6 Bd4 63. Ra4 Bxf2 64. Rxe4 Kg6 65.
Kxf3 Bb6 66. Kf4 Kf6 67. g4 Bc7+ 68. Kf3 Bb6 69. Rc4 Kg5 70. Rc8 Bg1 71. Rg8+
Kf6 72. Ke4 Bb6 73. g5+ Kf7 74. Rc8 Kg6 75. Kf4 Kg7 76. Kf5 Kf7 77. Rb8 Kg7 78.
Rb7+ Kf8 79. Kg6 Be3 80. Rb5 1-0

[Event "4NCL/Div3/PPA1 vs. HKF2"]
[Site "Birmingham ENG"]
[Date "2005.10.23"]
[Round "2.3"]
[White "Harley, Andrew"]
[Black "Lindner, Daniel"]
[Result "0-1"]
[WhiteElo "2239"]
[BlackElo "2259"]
[PlyCount "40"]
[EventDate "2005.10.23"]
[EventType "team"]
[EventRounds "11"]
[EventCountry "ENG"]
[SourceDate "2005.10.25"]

1. e4 e5 2. Nf3 Nc6 3. Bb5 f5 4. d3 fxe4 5. dxe4 Nf6 6. O-O d6 7. Qd3 Bg4 8.
Nc3 a6 9. Bxc6+ bxc6 10. Bg5 Be7 11. Bxf6 Bxf6 12. Nd2 Qd7 13. Qc4 Be6 14. Qa4
O-O 15. Rad1 Rfb8 16. Nb3 Qe8 17. Qa3 a5 18. Nc1 a4 19. Nxa4 Be7 20. b4 c5 0-1

[Event "4NCL/Div3/PPA1 vs. HKF2"]
[Site "Birmingham ENG"]
[Date "2005.10.23"]
[Round "2.4"]
[White "Therrien, Alex"]
[Black "Posazhennikov, Alex"]
[Result "1/2-1/2"]
[WhiteElo "2278"]
[BlackElo "2235"]
[PlyCount "79"]
[EventDate "2005.10.23"]
[EventType "team"]
[EventRounds "11"]
[EventCountry "ENG"]
[SourceDate "2005.10.25"]

1. d4 f5 2. g3 Nf6 3. Bg2 e6 4. c4 d6 5. Nf3 Be7 6. O-O O-O 7. Nc3 c6 8. Re1 d5
9. a3 a5 10. Ne5 Nbd7 11. Nxd7 Bxd7 12. Qb3 b5 13. cxb5 Qb6 14. Na4 Qxb5 15.
Qc2 Rfc8 16. h3 c5 17. Nxc5 Bxc5 18. dxc5 Rxc5 19. Qd3 Qxd3 20. exd3 Rc2 21.
Rb1 Rb8 22. Bf1 Kf7 23. b4 axb4 24. Bf4 Rb7 25. axb4 Bb5 26. Rec1 Rxc1 27. Rxc1
Nd7 28. Bd2 e5 29. Ra1 e4 30. dxe4 Bxf1 31. Kxf1 fxe4 32. Bc3 g6 33. Ke2 Ke6
34. f3 exf3+ 35. Kxf3 Ne5+ 36. Ke3 Nc6 37. Rb1 d4+ 38. Bxd4 Rxb4 39. Rxb4 Nxb4
40. Ke4 1/2-1/2

[Event "4NCL/Div3/PPA1 vs. HKF2"]
[Site "Birmingham ENG"]
[Date "2005.10.23"]
[Round "2.5"]
[White "Morgan, Ben"]
[Black "Burrows, Martin P"]
[Result "0-1"]
[WhiteElo "2250"]
[BlackElo "2200"]
[PlyCount "72"]
[EventDate "2005.10.23"]
[EventType "team"]
[EventRounds "11"]
[EventCountry "ENG"]
[SourceDate "2005.10.25"]

1. d4 Nf6 2. c4 g6 3. Nc3 Bg7 4. e4 d6 5. Nf3 O-O 6. Be2 e5 7. dxe5 dxe5 8.
Qxd8 Rxd8 9. Bg5 Re8 10. O-O-O Na6 11. Nd2 c6 12. f3 Be6 13. a3 Nc5 14. b4 Ncd7
15. Nb3 b6 16. Kc2 Bf8 17. Nd5 cxd5 18. cxd5 Bg4 19. Nd2 a5 20. Kb3 Ra7 21. Bb5
axb4 22. axb4 Rea8 23. Bxf6 Nxf6 24. fxg4 Ra3+ 25. Kc4 Nxg4 26. Bc6 b5+ 27.
Kxb5 Rb8+ 28. Bb7 Rxb7+ 29. Kc6 Rxb4 30. Rb1 Rc3+ 31. Kd7 Nf6+ 32. Kd8 Ra4 33.
Ra1 Rd4 34. Nf3 Rxe4 35. Rhd1 Rec4 36. Ra8 Bd6 0-1

[Event "4NCL/Div3/PPA1 vs. HKF2"]
[Site "Birmingham ENG"]
[Date "2005.10.23"]
[Round "2.6"]
[White "Chipanga, Takaedza"]
[Black "Byway, Paul"]
[Result "1-0"]
[WhiteElo "2189"]
[BlackElo "2203"]
[PlyCount "187"]
[EventDate "2005.10.23"]
[EventType "team"]
[EventRounds "11"]
[EventCountry "ENG"]
[SourceDate "2005.10.25"]

1. d4 Nf6 2. c4 e6 3. Nf3 Bb4+ 4. Nbd2 b6 5. a3 Bxd2+ 6. Bxd2 Bb7 7. Bg5 h6 8.
Bh4 d6 9. e3 Nbd7 10. Be2 g5 11. Bg3 Ne4 12. d5 e5 13. h4 Qf6 14. Qc2 Nxg3 15.
fxg3 gxh4 16. g4 O-O-O 17. O-O-O Kb8 18. Rdf1 Qg7 19. Nxh4 Bc8 20. Nf5 Qg6 21.
Ne7 Qxc2+ 22. Kxc2 Rdf8 23. Nf5 Nc5 24. Nxh6 Ne4 25. Rh3 f6 26. Bd1 Ng5 27. Rh5
Ne4 28. Rh4 Bd7 29. Kc1 Ng5 30. Rfh1 Rh7 31. g3 Rg7 32. Rf1 a5 33. Bc2 Kb7 34.
Nf5 Bxf5 35. Rxf5 Kc8 36. Rh6 Rgf7 37. Rf1 Kd8 38. Bf5 Rg7 39. Kd2 Ke7 40. Ke2
Rgg8 41. Rfh1 Rg7 42. Rh8 Rgf7 43. R8h6 Rg7 44. Rf1 Rgg8 45. Bc2 Rh8 46. Rfxf6
Rxh6 47. Rxh6 Rg8 48. Bf5 Rg7 49. Rh8 Kf6 50. Rf8+ Rf7 51. Rc8 Re7 52. Kd1 Nf7
53. Be6 Nh6 54. Ke2 Kg5 55. Rf8 Rg7 56. Kf3 Re7 57. Kg2 Rg7 58. Kf3 Re7 59. Rh8
Rg7 60. e4 Re7 61. Bf5 Rg7 62. Re8 Rf7 63. Re6 Rf6 64. b3 Ng8 65. Re8 Nh6 66.
Kg2 Rf7 67. Be6 Rg7 68. Kf3 Rh7 69. Bf5 Rg7 70. Re6 Ng8 71. b4 axb4 72. axb4
Ne7 73. Ke3 Ng8 74. c5 bxc5 75. bxc5 dxc5 76. Kd3 Nf6 77. Rxe5 Nxg4 78. Bxg4+
Kxg4 79. Rf5 Re7 80. Rf6 Kxg3 81. Ke3 Kg4 82. Rg6+ Kh5 83. Rc6 Kg5 84. Rxc5 Kf6
85. Kd4 Rh7 86. Rc6+ Kg5 87. e5 Rh4+ 88. Kc5 Kf5 89. e6 Rh7 90. Ra6 Kf6 91. Kc6
Rh5 92. Ra7 Ke5 93. e7 Rh8 94. Rxc7 1-0

[Event "4NCL/Div3/PPA1 vs. HKF2"]
[Site "Birmingham ENG"]
[Date "2005.10.23"]
[Round "2.7"]
[White "Rosen, Daniel B"]
[Black "Crombleholme, Alan K"]
[Result "1/2-1/2"]
[WhiteElo "2155"]
[BlackElo "2117"]
[PlyCount "52"]
[EventDate "2005.10.23"]
[EventType "team"]
[EventRounds "11"]
[EventCountry "ENG"]
[SourceDate "2005.10.25"]

1. e4 c5 2. Nc3 Nc6 3. f4 g6 4. Nf3 Bg7 5. Bc4 d6 6. O-O e6 7. d3 a6 8. Qe1 Na5
9. Bb3 Ne7 10. Bd2 Nxb3 11. axb3 Bd7 12. Nd1 O-O 13. Bc3 f6 14. Ne3 d5 15. exd5
Nxd5 16. Nxd5 exd5 17. d4 Re8 18. Qf2 Bb5 19. Rfe1 c4 20. Rxe8+ Qxe8 21. Re1
Qd7 22. Nd2 cxb3 23. Nxb3 b6 24. Bb4 Re8 25. Nd2 a5 26. Ba3 Re6 1/2-1/2

[Event "4NCL/Div3/PPA1 vs. HKF2"]
[Site "Birmingham ENG"]
[Date "2005.10.23"]
[Round "2.8"]
[White "Buckley, Melanie"]
[Black "Sirisena, Chantal N"]
[Result "1/2-1/2"]
[WhiteElo "2145"]
[BlackElo "1939"]
[PlyCount "45"]
[EventDate "2005.10.23"]
[EventType "team"]
[EventRounds "11"]
[EventCountry "ENG"]
[SourceDate "2005.10.25"]

1. e4 c5 2. Nc3 Nc6 3. g3 g6 4. Bg2 Bg7 5. d3 d6 6. Be3 e5 7. Qd2 Be6 8. f4
Nge7 9. Nf3 Nd4 10. O-O O-O 11. Rae1 f6 12. a3 Rc8 13. Ne2 d5 14. fxe5 Nxf3+
15. Bxf3 fxe5 16. exd5 Nxd5 17. Bg5 Qd7 18. c4 Nb6 19. Nc3 Bf5 20. Be4 Bxe4 21.
Rxf8+ Rxf8 22. Nxe4 Qc7 23. Rf1 1/2-1/2

[Event "4NCL/Div3/WES2 vs. FCA1"]
[Site "Birmingham ENG"]
[Date "2005.10.23"]
[Round "2.1"]
[White "Gregory, Keith D"]
[Black "Macdonald-Ross, Michael"]
[Result "1/2-1/2"]
[WhiteElo "2099"]
[BlackElo "2233"]
[PlyCount "32"]
[EventDate "2005.10.23"]
[EventType "team"]
[EventRounds "11"]
[EventCountry "ENG"]
[SourceDate "2005.10.25"]

1. Nf3 Nf6 2. g3 d5 3. Bg2 c6 4. O-O Bf5 5. b3 e6 6. Bb2 h6 7. d3 Be7 8. Nbd2
O-O 9. c4 a5 10. Rb1 Bh7 11. Qc2 Nbd7 12. Ne5 Nxe5 13. Bxe5 Nd7 14. Ba1 Bf6 15.
Bxf6 Qxf6 16. Qb2 Qxb2 1/2-1/2

[Event "4NCL/Div3/WES2 vs. FCA1"]
[Site "Birmingham ENG"]
[Date "2005.10.23"]
[Round "2.2"]
[White "Constantinou, Peter"]
[Black "Tunks, Dominic"]
[Result "1-0"]
[WhiteElo "2137"]
[BlackElo "2155"]
[PlyCount "59"]
[EventDate "2005.10.23"]
[EventType "team"]
[EventRounds "11"]
[EventCountry "ENG"]
[SourceDate "2005.10.25"]

1. g3 Nf6 2. Bg2 d5 3. d3 Bf5 4. Nf3 h6 5. c4 c6 6. cxd5 cxd5 7. Qb3 Qc8 8. Nc3
e6 9. e4 dxe4 10. Nd4 Bg6 11. dxe4 Nbd7 12. O-O Be7 13. Rd1 Bh5 14. f3 a6 15.
Be3 Nc5 16. Qc2 O-O 17. e5 Bg6 18. Qe2 Nd5 19. Nxd5 exd5 20. Rac1 Qd7 21. b4
Ne6 22. f4 Bxb4 23. f5 Nxd4 24. Rxd4 Qxf5 25. Rxb4 Qxe5 26. Qd2 Be4 27. Qd4
Qxd4 28. Rxd4 f5 29. Bxe4 dxe4 30. Rc7 1-0

[Event "4NCL/Div3/WES2 vs. FCA1"]
[Site "Birmingham ENG"]
[Date "2005.10.23"]
[Round "2.3"]
[White "Rutter, Nicholas"]
[Black "Smith, Graham"]
[Result "1-0"]
[WhiteElo "2133"]
[BlackElo "2138"]
[PlyCount "57"]
[EventDate "2005.10.23"]
[EventType "team"]
[EventRounds "11"]
[EventCountry "ENG"]
[SourceDate "2005.10.25"]

1. e4 d6 2. d4 Nf6 3. Nc3 g6 4. f4 Bg7 5. Nf3 c5 6. Bb5+ Bd7 7. Bxd7+ Nfxd7 8.
d5 Na6 9. Qe2 O-O 10. O-O Nc7 11. e5 dxe5 12. fxe5 e6 13. Bg5 Qe8 14. d6 Nd5
15. Nxd5 exd5 16. Be7 f6 17. e6 Nb6 18. Rae1 Kh8 19. Bxf8 Bxf8 20. e7 Bg7 21.
Qe6 d4 22. Re4 f5 23. Ne5 fxe4 24. Nf7+ Kg8 25. Nh6+ Kh8 26. Rf8+ Qxf8 27.
exf8=Q+ Rxf8 28. Qg8+ Rxg8 29. Nf7# 1-0

[Event "4NCL/Div3/WES2 vs. FCA1"]
[Site "Birmingham ENG"]
[Date "2005.10.23"]
[Round "2.4"]
[White "Freeman, Richard C P"]
[Black "Pym, Thomas W"]
[Result "1/2-1/2"]
[WhiteElo "2088"]
[BlackElo "2100"]
[PlyCount "34"]
[EventDate "2005.10.23"]
[EventType "team"]
[EventRounds "11"]
[EventCountry "ENG"]
[SourceDate "2005.10.25"]

1. d4 g6 2. e4 Bg7 3. Nf3 d6 4. Nc3 a6 5. Be3 Nd7 6. Bd3 b5 7. a4 b4 8. Ne2 c5
9. O-O Bb7 10. Qd2 Ngf6 11. Ng3 Rc8 12. c4 Ng4 13. b3 O-O 14. h3 cxd4 15. Bxd4
Nge5 16. Nxe5 Nxe5 17. Bc2 Qa5 1/2-1/2

[Event "4NCL/Div3/WES2 vs. FCA1"]
[Site "Birmingham ENG"]
[Date "2005.10.23"]
[Round "2.5"]
[White "Ferrington, Nigel M"]
[Black "Reuben, Stewart"]
[Result "1/2-1/2"]
[WhiteElo "2115"]
[BlackElo "2142"]
[PlyCount "36"]
[EventDate "2005.10.23"]
[EventType "team"]
[EventRounds "11"]
[EventCountry "ENG"]
[SourceDate "2005.10.25"]

1. e4 c5 2. Nf3 Nc6 3. d4 cxd4 4. Nxd4 g6 5. Nc3 Bg7 6. Be3 Nf6 7. Bc4 O-O 8.
O-O d6 9. h3 Bd7 10. Qd2 Rc8 11. Bb3 Ne5 12. Bh6 Nc4 13. Bxc4 Rxc4 14. Bxg7
Kxg7 15. Rfe1 Qb6 16. Nb3 Rfc8 17. Qe3 Qxe3 18. Rxe3 b6 1/2-1/2

[Event "4NCL/Div3/WES2 vs. FCA1"]
[Site "Birmingham ENG"]
[Date "2005.10.23"]
[Round "2.6"]
[White "Mahony, Richard"]
[Black "Clark, Ian C"]
[Result "0-1"]
[WhiteElo "2075"]
[BlackElo "2133"]
[PlyCount "108"]
[EventDate "2005.10.23"]
[EventType "team"]
[EventRounds "11"]
[EventCountry "ENG"]
[SourceDate "2005.10.25"]

1. Nf3 c5 2. c4 Nc6 3. g3 g6 4. Bg2 Bg7 5. Nc3 e6 6. O-O Nge7 7. d3 O-O 8. Bg5
Qa5 9. Bd2 Qd8 10. Qc1 Nf5 11. Bg5 Qb6 12. Rb1 d6 13. Re1 h6 14. Bd2 Kh7 15. e4
Nfd4 16. Nxd4 cxd4 17. Ne2 Nb4 18. Bxb4 Qxb4 19. a3 Qb3 20. Qd1 Qxd1 21. Rexd1
e5 22. h3 Bd7 23. Rf1 b5 24. b3 a5 25. f4 Kg8 26. f5 h5 27. g4 hxg4 28. hxg4
Bh6 29. Bf3 Rfc8 30. Kg2 a4 31. Ng3 axb3 32. Rxb3 bxc4 33. dxc4 Rxc4 34. Rb7
Rc2+ 35. Kh3 Bc8 36. Rb3 Ra2 37. fxg6 fxg6 38. Be2 Be6 39. Rb6 R2xa3 40. Rxd6
Bf7 41. Rf3 Rxf3 42. Bxf3 Ra3 43. Kg2 Bf4 44. Ne2 Be3 45. Ng3 Kg7 46. Nf1 Ra2+
47. Kh3 Rf2 48. Bg2 Bf4 49. Rd7 Kf6 50. Nh2 Bc4 51. Nf3 g5 52. Ne1 Re2 53. Nf3
Re3 54. Rc7 Be2 0-1

[Event "4NCL/Div3/WES2 vs. FCA1"]
[Site "Birmingham ENG"]
[Date "2005.10.23"]
[Round "2.7"]
[White "Taylor, Phil"]
[Black "Elwin, Adrian G"]
[Result "1/2-1/2"]
[WhiteElo "2055"]
[BlackElo "2052"]
[PlyCount "40"]
[EventDate "2005.10.23"]
[EventType "team"]
[EventRounds "11"]
[EventCountry "ENG"]
[SourceDate "2005.10.25"]

1. e4 c6 2. d4 d5 3. exd5 cxd5 4. c4 Nf6 5. Nc3 e6 6. Nf3 Nc6 7. Bg5 dxc4 8.
Bxc4 Be7 9. O-O O-O 10. Re1 b6 11. a3 Bb7 12. Qd3 Rc8 13. Rad1 Nd5 14. Bxe7
Ncxe7 15. Ba2 Nf4 16. Qe3 Nxg2 17. Kxg2 Nf5 18. Qf4 Nh4+ 19. Kg3 Bxf3 20. Qxh4
Bxd1 1/2-1/2

[Event "4NCL/Div3/WES2 vs. FCA1"]
[Site "Birmingham ENG"]
[Date "2005.10.23"]
[Round "2.8"]
[White "Evans, Helen"]
[Black "Khoo, Selina"]
[Result "1/2-1/2"]
[WhiteElo "1725"]
[BlackElo "1997"]
[PlyCount "31"]
[EventDate "2005.10.23"]
[EventType "team"]
[EventRounds "11"]
[EventCountry "ENG"]
[SourceDate "2005.10.25"]

1. d4 d5 2. c4 c6 3. cxd5 cxd5 4. Bf4 Nc6 5. e3 a6 6. Bd3 Nf6 7. Nc3 e6 8. Nf3
Be7 9. Ne5 Nxe5 10. Bxe5 Bd7 11. Rc1 Rc8 12. O-O O-O 13. Qf3 Bc6 14. Qh3 g6 15.
f4 Re8 16. g4 1/2-1/2